Movies Quiz

Random Movies or Letter Quiz

Actors & Actresses by Movie: 'N' Quiz Stats

 Plays Quiz Updated Apr 17, 2018

Score 0/20 Timer 05:00
12 Plays Today
% Correct
Jack Nicholson - The Shining
96.3%
Cynthia Nixon - Sex and the City
94.7%
Liam Neeson - Schindler's List
91%
Leslie Nielsen - Airplane!
90.9%
Olivia Newton-John - Grease
89.4%
Sam Neill - Jurassic Park
87.3%
Thandie Newton - The Pursuit of Happyness
86.7%
Kathy Najimy - Sister Act
86.3%
David Niven - Around the World in Eighty Days
86.1%
Edward Norton - American History X
83.7%
% Correct
Paul Newman - The Sting
83.1%
Kim Novak - Vertigo
82.2%
Nichelle Nichols - Star Trek: The Wrath of Khan
81.4%
Tim Blake Nelson - O Brother, Where Art Thou?
76.4%
Chuck Norris - The Delta Force
76%
Bill Nighy - Harry Potter
74.9%
Patricia Neal - The Day the Earth Stood Still
73%
Michael Nyqvist - John Wick
72.4%
Nick Nolte - The Thin Red Line
69.3%
B.J. Novak - Inglourious Basterds
67%

You're not logged in!

Compare scores with friends on all Sporcle quizzes.
OR
Log In

You Might Also Like...

Show Comments

Extras

Top Quizzes Today


Score Distribution

Your Account Isn't Verified!

In order to create a playlist on Sporcle, you need to verify the email address you used during registration. Go to your Sporcle Settings to finish the process.

Report this User

Report this user for behavior that violates our Community Guidelines.

Details: